The Manual of NADRA Laws Alongwith Citizenship Laws / (Record no. 616054)

000 -LEADER
fixed length control field 00383nam a22001217a 4500
082 ## - DEWEY DECIMAL CLASSIFICATION NUMBER
Classification number 342.5491082
Author Mark CHA
100 ## - MAIN ENTRY--PERSONAL NAME
Personal name Chaudhary, Muhammad Irfan Ul Haq
245 ## - TITLE STATEMENT
Title The Manual of NADRA Laws Alongwith Citizenship Laws /
Statement of responsibility, etc. Muhammad Irfan Ul Haq Chaudhary
260 ## - PUBLICATION, DISTRIBUTION, ETC.
Place of publication, distribution, etc. Lahore :
Name of publisher, distributor, etc. Al-Haq Law Book Centre,
Date of publication, distribution, etc. 2015.
300 ## - PHYSICAL DESCRIPTION
Extent 624 p. ;
Dimensions 24 cm.
563 ## - BINDING INFORMATION
Binding note HB.
942 ## - ADDED ENTRY ELEMENTS (KOHA)
Source of classification or shelving scheme
Koha item type Book
Holdings
Withdrawn status Lost status Source of classification or shelving scheme Damaged status Not for loan Permanent Location Current Location Date acquired Total Checkouts Full call number Barcode Date last seen Price effective from Koha item type
          NUST Law School (NLS) NUST Law School (NLS) 02/03/2026   342.5491082 CHA NLSD-437 02/03/2026 02/03/2026 Book
© 2023 Central Library, National University of Sciences and Technology. All Rights Reserved.